| 000 | 00593nam a2200217Ia 4500 | ||
|---|---|---|---|
| 005 | 20260429111853.0 | ||
| 008 | 260429s9999||||xx |||||||||||||| ||und|| | ||
| 020 | _a9780367651350 | ||
| 041 | _aEnglish | ||
| 082 |
_a005.55 _bKLO |
||
| 100 | _aKloke, John | ||
| 245 | 0 |
_aNonparametric statistical methods using R / _cJohn Kloke |
|
| 250 | _a2nd ed. | ||
| 260 |
_aBoca Raton : _bCRC Press, _c2024. |
||
| 300 | _axvii, 447 p.; hb | ||
| 440 | _aTexts in statistical science | ||
| 650 | _a R programming | ||
| 650 | _aStatistical programming | ||
| 700 | _a Mckean, Joseph | ||
| 942 | _cTB | ||
| 999 |
_c51214 _d51214 |
||